| 000 | 00572nam a2200205 a 4500 | ||
|---|---|---|---|
| 001 | 16512 | ||
| 005 | 20180713205451.0 | ||
| 008 | 140415s1986 sp 000 0 spa d | ||
| 020 | _a847490143X | ||
| 041 | _aspa | ||
| 082 |
_a860 _bALE |
||
| 100 | 1 | _aALLEGRA, GIOVANNI | |
| 245 | 1 | 3 |
_aEL REINO INTERIOR : _bPREMISAS Y SEMBLANZAS DEL MODERNISNO EN ESPAÑA |
| 250 | _a1a ed. | ||
| 260 |
_aESPAÑA : _bEDICIONES ENCUENTRO, _c1986 |
||
| 300 | _a410 | ||
| 490 |
_aENSAYOS _v21 |
||
| 650 | 1 | 4 | _aLITERATURA ESPAOLA |
| 700 | 1 |
_aMARTIN PINDADO, VICENTE _etr. |
|
| 999 |
_c16512 _d16512 |
||